| 000 | 01480nam0a2200385 4500 | ||
|---|---|---|---|
| 001 | RU\NLR\BIBL_A\011141354 | ||
| 005 | 20250715163102.0 | ||
| 010 | _a978-5-9710-3321-9 | ||
| 021 |
_aRU _b2016-38151 _92455 |
||
| 035 | _a(NLR Aleph) 011141354 | ||
| 035 | _a(NILC)RuMoRGB-008481447 | ||
| 090 |
_a11620686 _c11620686 |
||
| 100 | _a20160530d2016 |||y0rusy50 ca | ||
| 101 | 0 | _arus | |
| 102 | _aRU | ||
| 105 | _aa|||z|||000yy | ||
| 200 | 1 |
_aМоделирование состояний человека в гипнозе _fЛ. П. Гримак _gотв. ред. д.м.н., д.психол.н., проф. К. К. Платонов |
|
| 205 | _aИзд. 4-е | ||
| 210 |
_aМосква _cURSS _cЛЕНАНД _dcop. 2016 |
||
| 215 |
_a270, [2] с. _cил. _d22 |
||
| 225 | 1 | _aИз наследия Л. П. Гримака | |
| 300 | _aНа 4-й с. обл. авт.: Л.П. Гримак, д.м.н., проф. | ||
| 320 | _aБиблиогр.: с. 250-270 (468 назв.) | ||
| 606 | 1 |
_aВнушение _xПсихология _91323910 _3RU\NLR\AUTH\66234639 |
|
| 606 | 1 |
_aГипноз _xВлияние на организм _92108143 _3RU\NLR\AUTH\661274301 |
|
| 675 | _a159.962 | ||
| 686 | 1 | _aЮ962 | |
| 686 | 1 | _aР357.111 | |
| 700 | 1 |
_aГримак _bЛ. П. _f1931-2008 _gЛеонид Павлович _9146236 _3RU\NLR\AUTH\770146272 |
|
| 801 | 0 |
_aRU _bРГБ _c20160510 _gRCR |
|
| 942 | _cBOOK | ||
| 980 | _aNB | ||
| 980 | _aNBR | ||